[Event "Challenge"]
[Site "http://www.queenalice.com/game.php?id=1643190"]
[Date "2021.2.10"]
[Round "-"]
[White "Mr_SPOCK"]
[Black "mengo1982"]
[Result "0-1"]
[WhiteElo "1600"]
[BlackElo "1564"]

1. e4 e5 2. Nf3 Nc6 3. Nc3 a6 4. Bc4 h6 5. O-O Nf6 6. a3 Ng4 7. d4 d6 8. d5 Na5
9. Be2 b5 10. Nxb5 axb5 11. Bxb5+ Bd7 12. a4 Nb7 13. b4 Bxb5 14. c3 Bd7 15. a5
Bb5 16. Re1 Ba6 17. Nd2 h5 18. Nf3 Qf6 19. Bg5 Qg6 20. h4 f6 21. Bd2 Be7 22. Qb3
Qf7 23. b5 Nc5 24. Qb1 Bc8 25. b6 Bd8 26. bxc7 Qxc7 27. c4 Qa7 28. Bc3 Nd3 29.
Re2 Ndxf2 30. Kf1 g5 31. Raa2 Ne3+ 32. Kg1 Nfg4 33. Kh1 gxh4 34. Nxh4 Qh7 35.
Be1 Rf8 36. Bg3 f5 37. Rf2 f4 38. c5 fxg3 39. Rxf8+ Kxf8 40. cxd6 Bxh4 41. Qb6
Qxe4 42. d7 Bxd7 43. Qb7 Nf2+ 44. Rxf2+ gxf2 45. Qxa8+ Kf7 46. d6 Qxa8 47. a6
Qxg2# 0-1

[Event "Challenge"]
[Site "http://www.queenalice.com/game.php?id=1644067"]
[Date "2021.2.18"]
[Round "-"]
[White "Derik_vd_Heever"]
[Black "mengo1982"]
[Result "0-1"]
[WhiteElo "1429"]
[BlackElo "1745"]

1. e4 e5 2. Nf3 Nf6 3. Nc3 d6 4. g3 c6 5. Bg2 Bg4 6. O-O h6 7. d3 Nbd7 8. h3 Be6
9. d4 Qc7 10. Be3 Be7 11. b3 Rd8 12. dxe5 dxe5 13. Bxa7 O-O 14. Qe2 Qa5 15. Qe3
Nc5 16. Nxe5 Qxa7 17. b4 Bd6 18. Nf3 Be7 19. bxc5 Bxc5 20. Qc1 Ba3 21. Qf4 Bb2
22. Rab1 Bxc3 23. Qc7 Rb8 24. Ne5 Rfc8 25. Qd6 Ne8 26. Qd3 Bxe5 27. a3 Rd8 28.
Qe2 Rd4 29. Qe3 Qa4 30. f4 Bd6 31. e5 Bc5 32. c3 Rc4 33. Qxc5 Rxc5 34. Ra1 Rxc3
35. Rf3 Rxf3 36. Bxf3 Qd4+ 37. Kh1 Qxa1+ 38. Kg2 Bc4 39. h4 Qf1+ 40. Kh2 Qf2+
41. Bg2 Bf1 42. Kh3 Bxg2+ 43. Kg4 Qf3+ 44. Kf5 g6# 0-1

[Event "Challenge"]
[Site "http://www.queenalice.com/game.php?id=1649348"]
[Date "2021.4.11"]
[Round "-"]
[White "dosoldini"]
[Black "mengo1982"]
[Result "0-1"]
[WhiteElo "1636"]
[BlackElo "1673"]

1. d4 d5 2. Nc3 Nc6 3. Bf4 a6 4. e4 e6 5. Bd3 h6 6. Nge2 Nf6 7. e5 Nh5 8. g3 Bb4
9. Bd2 g6 10. Nf4 Nxf4 11. Bxf4 Bd7 12. Qf3 Qe7 13. Qe3 Qf8 14. O-O g5 15. Be2
gxf4 16. Qxf4 O-O-O 17. Na4 Be7 18. c4 Bg5 19. Qg4 Be8 20. Nc5 Qe7 21. h4 h5 22.
Qf3 Bxh4 23. Qb3 Na5 24. Qc3 Nc6 25. Kg2 f5 26. cxd5 Rxd5 27. Bc4 Rxd4 28. Bxe6+
Kb8 29. Qa3 Ka7 30. Bc8 Nb4 31. Qc3 Bc6+ 32. Kh3 Rhd8 33. Rfd1 Rxd1 34. Qxb4
Rxa1 35. gxh4 Rh1+ 36. Kg3 Qg7+ 0-1

[Event "Challenge"]
[Site "http://www.queenalice.com/game.php?id=1758814"]
[Date "2021.5.7"]
[Round "-"]
[White "mengo1982"]
[Black "fbg"]
[Result "0-1"]
[WhiteElo "1844"]
[BlackElo "1735"]

1. e4 e5 2. Nf3 Nc6 3. c3 Nf6 4. Bd3 d6 5. h3 Be7 6. O-O h6 7. Re1 a6 8. Bc4 Na5
9. Bd3 Be6 10. Bc2 Qd7 11. b4 Nc6 12. d3 d5 13. exd5 Bxd5 14. Ba4 b5 15. Bc2 a5
16. a3 axb4 17. cxb4 Bxf3 18. Qxf3 O-O 19. Rd1 Nd4 20. Qe3 Nxc2 21. Qd2 Nxa1 22.
Bb2 Nb3 23. Qe3 Nd5 24. Qg3 Bf6 25. d4 exd4 26. Qxb3 Nf4 27. Qf3 g5 28. Nd2 Kg7
29. Ne4 Qe7 30. Nxf6 Kxf6 31. h4 Kg6 32. Rxd4 Ne2+ 33. Kh1 Nxd4 34. Bxd4 Qe1+
35. Kh2 Ra6 36. Qd3+ f5 37. g4 gxh4 38. Bc3 Qxf2+ 39. Kh3 Rxa3 0-1

[Event "AUTO-ADV-4498"]
[Site "http://www.queenalice.com/game.php?id=1759429"]
[Date "2021.5.14"]
[Round "1"]
[White "mengo1982"]
[Black "Williamis4"]
[Result "1-0"]
[WhiteElo "1759"]
[BlackElo "1609"]

1. e4 e5 2. Qh5 Nc6 3. Bc4 g6 4. Qf3 Nf6 5. c3 Na5 6. d3 Nxc4 7. dxc4 Bc5 8. Bg5
Be7 9. Qg3 Nxe4 10. Qxe5 Nxg5 11. Qxh8+ Bf8 12. Nd2 Qe7+ 13. Kf1 d6 14. Re1 Be6
15. h4 O-O-O 16. hxg5 Qxg5 17. Ngf3 Qh6 18. Rxh6 1-0

[Event "AUTO-ADV-4498"]
[Site "http://www.queenalice.com/game.php?id=1759430"]
[Date "2021.5.14"]
[Round "1"]
[White "Williamis4"]
[Black "mengo1982"]
[Result "1-0"]
[WhiteElo "1677"]
[BlackElo "1831"]

1. d4 d5 2. Nc3 a6 3. Nf3 h6 4. Bf4 e6 5. e3 Nf6 6. a3 Nc6 7. Bd3 Be7 8. Qe2 Bd6
9. Ne5 Ne7 10. g4 h5 11. g5 Ng4 12. Nxg4 hxg4 13. O-O-O g6 14. Rdg1 f5 15. gxf6
Nf5 16. Qxg4 Rg8 17. Bg5 Qd7 18. Ne2 Qf7 19. h4 Bd7 20. e4 Nxd4 21. Nxd4 e5 22.
Qf3 exd4 23. exd5 O-O-O 24. Qe4 Rde8 25. Qxd4 Ba4 26. Qxa4 Rh8 27. Qc4 Kb8 28.
Qb3 Kc8 29. Re1 Rxe1+ 30. Rxe1 Re8 31. Rxe8+ Qxe8 32. Kb1 Qe1+ 33. Ka2 Qxf2 34.
Bxg6 Qd4 35. Qd3 Qe5 36. Qf5+ Qxf5 37. Bxf5+ 1-0

[Event "AUTO-ADV-4498"]
[Site "http://www.queenalice.com/game.php?id=1759431"]
[Date "2021.5.14"]
[Round "1"]
[White "mengo1982"]
[Black "carlitomontana93270"]
[Result "1-0"]
[WhiteElo "1775"]
[BlackElo "1750"]

1. e4 c5 2. Bc4 e6 3. Nf3 d6 4. d3 Nf6 5. h3 Be7 6. O-O O-O 7. Nc3 Bd7 8. Bf4 a6
9. e5 dxe5 10. Bxe5 Nc6 11. Bf4 b5 12. Bb3 Nh5 13. Be3 Nf6 14. a3 Qc7 15. Re1
Rad8 16. Qd2 e5 17. Ng5 h6 18. Nf3 Be6 19. Bxe6 fxe6 20. Ne2 Nd4 21. Bxd4 exd4
22. Nf4 e5 23. Nxe5 Bd6 24. Ne6 1-0

[Event "AUTO-ADV-4498"]
[Site "http://www.queenalice.com/game.php?id=1759432"]
[Date "2021.5.14"]
[Round "1"]
[White "carlitomontana93270"]
[Black "mengo1982"]
[Result "0-1"]
[WhiteElo "1633"]
[BlackElo "1829"]

1. c4 d6 2. d3 b6 3. e3 Nf6 4. Nf3 h6 5. Be2 e5 6. O-O Ng4 7. h3 h5 8. Nc3 c6 9.
Nh2 Be6 10. Bxg4 hxg4 11. Nxg4 f5 12. Nh2 Bf7 13. b3 Nd7 14. f4 Qf6 15. fxe5
Qxe5 16. Bd2 d5 17. d4 Qg3 18. Qf3 Qg6 19. Ne2 Bd6 20. Nf4 Qf6 21. cxd5 c5 22.
dxc5 Bxc5 23. Nd3 Bd6 24. e4 Qd4+ 25. Kh1 g6 0-1

[Event "Challenge"]
[Site "http://www.queenalice.com/game.php?id=1762428"]
[Date "2021.6.17"]
[Round "-"]
[White "dosoldini"]
[Black "mengo1982"]
[Result "0-1"]
[WhiteElo "1638"]
[BlackElo "1809"]

1. b4 e5 2. Ba3 Nf6 3. Nc3 a6 4. e4 c6 5. Nf3 d6 6. g3 h6 7. d4 Qe7 8. b5 axb5
9. dxe5 Rxa3 10. Ne2 dxe5 11. Qd2 Rxf3 12. Bg2 Nxe4 13. Qa5 Qc5 14. O-O-O Be7
0-1

[Event "AUTO-ADV-4498"]
[Site "http://www.queenalice.com/game.php?id=1763172"]
[Date "2021.6.27"]
[Round "2"]
[White "mengo1982"]
[Black "donadama"]
[Result "0-1"]
[WhiteElo "1850"]
[BlackElo "1887"]

1. e4 c5 2. Bc4 e6 3. Qh5 g6 4. Qe5 Qf6 5. Qc7 Nc6 6. Bb5 Qe5 7. Qxe5 Nxe5 8.
Ne2 a6 9. Ba4 b5 10. b3 bxa4 11. Bb2 d6 12. bxa4 Bg7 13. O-O Rb8 14. Bc3 Nf6 15.
f3 O-O 16. d3 Nc6 17. Na3 Bd7 18. Nc4 d5 19. exd5 exd5 20. Nd2 d4 21. Bb2 Rxb2
22. Nc4 Rbb8 23. Nd6 Ne8 24. Ne4 Rb6 25. a3 Bh6 26. Nxc5 Bc8 27. h3 Be3+ 28. Kh1
Rb2 29. Ng3 Rxc2 30. Nce4 f5 31. Rab1 fxe4 32. Nxe4 Ne5 33. Rbd1 Rf4 34. Ng3
Bxh3 35. gxh3 Rh4 36. Rf2 Rxf2 37. Ne4 Rxh3+ 38. Kg1 Rd2+ 39. Nf2 Rxf2 40. Rf1
Nxf3# 0-1

[Event "AUTO-ADV-4498"]
[Site "http://www.queenalice.com/game.php?id=1763173"]
[Date "2021.6.27"]
[Round "2"]
[White "donadama"]
[Black "mengo1982"]
[Result "1-0"]
[WhiteElo "1902"]
[BlackElo "1828"]

1. d4 d5 2. c4 dxc4 3. e3 Be6 4. Nc3 c6 5. Nf3 f6 6. Be2 b5 7. O-O Nh6 8. h3 Bf7
9. e4 e6 10. Qc2 Bg6 11. b3 cxb3 12. axb3 Bb4 13. Rd1 Nf7 14. Bd3 O-O 15. Nh4
Bh5 16. g4 f5 17. Nxf5 exf5 18. gxh5 Qh4 19. Be2 Qxh3 20. Rd3 Qh4 21. e5 f4 22.
Ne4 Ng5 23. Nxg5 Qxg5+ 24. Rg3 Qh6 25. Rg4 Nd7 26. Bf3 Rac8 27. Rxa7 Rf7 28. Bd5
Rf8 29. Bxf7+ Rxf7 30. Qe2 Rf5 31. Rxd7 Rxh5 32. Rdxg7+ Kf8 33. Rg8+ Ke7 34.
R4g7+ Ke6 35. Qg4+ Kd5 36. Rd7+ Ke4 37. Qe2+ Kf5 38. Qc2+ Ke6 39. Qxc6+ Kf5 40.
Rf7+ Qf6 41. Rxf6# 1-0

[Event "AUTO-ADV-4498"]
[Site "http://www.queenalice.com/game.php?id=1763174"]
[Date "2021.6.27"]
[Round "2"]
[White "mengo1982"]
[Black "Pin"]
[Result "0-1"]
[WhiteElo "1814"]
[BlackElo "1948"]

1. e4 c5 2. Nf3 d6 3. Bb5+ Bd7 4. Bc4 e6 5. O-O Nf6 6. d3 Be7 7. Nc3 O-O 8. h3
Nc6 9. a3 a6 10. Be3 Qc7 11. Qd2 b5 12. Bb3 Na5 13. Ba2 c4 14. Bf4 Rac8 15. Rfe1
Rfe8 16. Bg5 Nb7 17. b4 cxb3 18. Bxb3 Qxc3 19. Qe3 Na5 20. Rac1 Nxb3 21. cxb3
Qxb3 22. Ra1 Rc3 23. Red1 a5 24. Ne1 Rec8 25. Rdb1 Qa4 26. Qa7 R3c7 27. Qb6 Rc6
28. Qa7 R6c7 29. Qb6 Be8 30. Qe3 Rc3 31. Qf3 Qd4 32. Bd2 R3c7 33. Be3 Qe5 34.
Bf4 Qh5 35. Qe3 d5 36. Bxc7 Rxc7 37. Qb6 Rc6 38. Qb7 dxe4 39. Qxe7 e3 40. Ra2
exf2+ 41. Rxf2 Rc8 42. Qb7 Qc5 43. Qf3 Qxa3 44. Qg3 Nh5 45. Qe5 Nf6 46. Qg3 Nd5
47. Qg5 Qe7 48. Qd2 b4 49. Kh1 Nc3 50. Rc1 a4 51. Ra1 b3 52. Qc1 Qb4 53. Nf3 f6
54. Rd2 Bd7 55. d4 Ne4 56. Qa3 Qxa3 57. Rxa3 Nxd2 58. Nxd2 Rc2 59. Nxb3 axb3 60.
Rxb3 Rd2 61. Rb8+ Kf7 62. Rb7 Rxd4 63. Kh2 Ke7 64. Kg1 Rf4 0-1

[Event "AUTO-ADV-4498"]
[Site "http://www.queenalice.com/game.php?id=1763175"]
[Date "2021.6.27"]
[Round "2"]
[White "Pin"]
[Black "mengo1982"]
[Result "1/2-1/2"]
[WhiteElo "1990"]
[BlackElo "1806"]

1. e4 e5 2. Nf3 Nc6 3. Bb5 Nf6 4. d3 h6 5. O-O a6 6. Bxc6 bxc6 7. Nxe5 Bd6 8.
Nc4 Bc5 9. Nc3 d6 10. Kh1 Ng4 11. d4 Ba7 12. Bf4 c5 13. d5 Bd7 14. e5 h5 15.
exd6 c6 16. dxc6 Bxc6 17. Qe2+ Kf8 18. Rad1 Bd7 19. Nd5 Kg8 20. Ne7+ Kh7 21.
Qe4+ g6 22. Rd5 Nf6 23. Qe5 Nxd5 24. Qg5 Nxe7 25. dxe7 Qc8 26. Qf6 Be6 27. Nd6
Qg8 28. Qg5 Qg7 29. Be5 Qg8 30. Ne4 Qc8 31. Nf6+ Kg7 32. e8=N+ Rxe8 33. Nxe8+
Kf8 34. Nd6 Qd7 35. Qh6+ Ke7 36. Qg5+ Kf8 37. Qh6+ Ke7 38. Qg5+ Kf8 1/2-1/2

[Event "Fla x Flu "]
[Site "http://www.queenalice.com/game.php?id=1763352"]
[Date "2021.6.30"]
[Round "-"]
[White "mengo1982"]
[Black "MarcosT"]
[Result "0-1"]
[WhiteElo "1808"]
[BlackElo "2169"]

1. e4 c5 2. Nf3 e6 3. Bc4 Nc6 4. c3 Be7 5. d3 d5 6. Bb5 Bd7 7. exd5 exd5 8. O-O
Nf6 9. h3 O-O 10. Bg5 Re8 11. Re1 Qc7 12. Ba4 h6 13. Bh4 a6 14. Nbd2 b5 15. Bc2
a5 16. a3 d4 17. cxd4 Nxd4 18. Bg3 Bd6 19. Bxd6 Rxe1+ 20. Nxe1 Qxd6 21. Nef3
Nxc2 22. Qxc2 Re8 23. Rd1 Bf5 24. Nf1 Rd8 25. Ne3 Bg6 26. Ne1 Nd5 27. Ng4 c4 28.
Qd2 cxd3 29. Nxd3 Nf4 30. Nge5 Nxd3 31. Qc3 b4 32. axb4 axb4 33. Nc4 bxc3 34.
Nxd6 c2 35. Rf1 Rxd6 36. f3 Nxb2 37. Kh2 Rd1 38. Rxd1 cxd1=Q 39. Kg3 Nd3 40. Kh2
Qf1 41. Kg3 Qe1+ 42. Kh2 Nf4 43. h4 Qf2 44. Kh1 Qxg2# 0-1

[Event "Flu x Fla"]
[Site "http://www.queenalice.com/game.php?id=1763353"]
[Date "2021.6.30"]
[Round "-"]
[White "MarcosT"]
[Black "mengo1982"]
[Result "1-0"]
[WhiteElo "2161"]
[BlackElo "1810"]

1. e4 e5 2. Nf3 Nc6 3. Bc4 h6 4. c3 Nf6 5. d3 Na5 6. Bb5 c6 7. Ba4 b5 8. Bc2 d6
9. O-O Ng4 10. h3 h5 11. a4 a6 12. b4 Nb7 13. d4 Be7 14. axb5 cxb5 15. Bb3 Nf6
16. Ng5 Rf8 17. Re1 Qc7 18. Bb2 Nd8 19. Nd2 Rh8 20. dxe5 dxe5 21. Rc1 h4 22.
Ndf3 Rb8 23. c4 Bxb4 24. Bxe5 Qb7 25. Re2 Ra8 26. cxb5 Be7 27. Rc7 Qb6 28. Rec2
Qxb5 29. Rxe7+ Kxe7 30. Rc7+ Bd7 31. Qd6+ Ke8 32. Nd4 Qb8 33. Bxf6 Qb4 34. Bxf7+
Nxf7 35. Qxd7+ Kf8 36. Qxf7# 1-0

[Event "Challenge"]
[Site "http://www.queenalice.com/game.php?id=1767337"]
[Date "2021.8.19"]
[Round "-"]
[White "jjjcarvalho"]
[Black "mengo1982"]
[Result "0-1"]
[WhiteElo "1587"]
[BlackElo "1802"]

1. d4 d5 2. Nf3 h6 3. Bf4 e6 4. e3 a6 5. c4 Nc6 6. c5 Nf6 7. Nc3 Bd7 8. Rb1 Be7
9. Ne5 Bc8 10. Nxc6 bxc6 11. Be5 Ng8 12. Bd3 f6 13. Bg3 Kf8 14. b4 f5 15. O-O
Bd7 16. a4 Be8 17. Be5 Bf6 18. f4 Bxe5 19. fxe5 h5 20. Ne2 Nh6 21. Nf4 Bf7 22.
h3 Ng4 23. hxg4 hxg4 24. g3 Qg5 25. Kg2 Qd8 26. Rh1 Rg8 27. Rh2 Ke7 28. Rh7 Qd7
29. Qh1 Raf8 30. Qh4+ g5 31. Qh6 gxf4 32. exf4 Ra8 33. Qf6+ Ke8 34. Rbh1 Qe7 35.
R1h6 Qxf6 36. exf6 Rb8 37. b5 axb5 38. axb5 cxb5 39. Rh8 b4 40. Rxg8+ Bxg8 41.
Rh8 Kf7 42. Rh1 b3 43. Rb1 c6 44. Kf2 Kxf6 45. Ke2 Bf7 46. Kd2 Rh8 47. Rxb3 Rh2+
48. Kc3 Rg2 49. Rb6 Be8 50. Rb8 Ke7 51. Ba6 Rxg3+ 52. Kb4 Rf3 53. Bc8 g3 54.
Bxe6 g2 55. Bxf5 g1=Q 56. Rb7+ Kf8 57. Ka5 Qa1+ 58. Kb6 Rb3+ 59. Kc7 Qa5+ 0-1

[Event "Challenge"]
[Site "http://www.queenalice.com/game.php?id=1772458"]
[Date "2021.10.17"]
[Round "-"]
[White "mengo1982"]
[Black "australia"]
[Result "1-0"]
[WhiteElo "1830"]
[BlackElo "1733"]

1. e4 e5 2. Nf3 Qf6 3. Bc4 Qg6 4. O-O d6 5. d3 h6 6. h3 Bxh3 7. g3 Bxf1 8. Qxf1
Nd7 9. Qg2 Qg4 10. Nbd2 Be7 11. Nf1 O-O-O 12. Bxf7 Rf8 13. N1h2 Qxf3 14. Qxf3
Ngf6 15. Be6 Kb8 16. Qe2 Nb6 17. b3 Rd8 18. Bd2 Na8 19. Bb4 Rhf8 20. a4 c6 21.
Ba5 b6 22. Bc3 Nc7 23. Bf5 d5 24. Bxe5 Ne8 25. Rb1 Kb7 26. Qe3 Bc5 27. d4 Be7
28. Qc3 Nf6 29. f3 g5 30. a5 b5 31. a6+ Nxa6 32. Qa5 Bb4 33. Qa2 Bc3 34. b4 Nd7
35. Qb3 Nxe5 36. Qxc3 Nc4 37. Ra1 Nc7 38. Bg4 dxe4 39. fxe4 a6 40. d5 cxd5 41.
exd5 Nxd5 42. Qg7+ Nc7 43. Re1 Rg8 44. Qh7 Rge8 45. Bf3+ Kc8 46. Qf5+ Kb8 47.
Ra1 Rd6 48. Qf7 Ne5 49. Qf5 Nxf3+ 50. Nxf3 Kb7 51. c3 Ree6 52. Nd4 Rd5 53. Qh7
Rf6 54. Re1 Rf8 55. Re7 Rfd8 56. Rxc7+ 1-0

[Event "Challenge"]
[Site "http://www.queenalice.com/game.php?id=1773461"]
[Date "2021.10.29"]
[Round "-"]
[White "JoseMessias"]
[Black "mengo1982"]
[Result "0-1"]
[WhiteElo "1884"]
[BlackElo "1810"]

1. e4 e5 2. Bc4 Nc6 3. Qf3 Nf6 4. d3 Nd4 5. Qd1 h6 6. Nf3 Bc5 7. Nxe5 Rf8 8. c3
Ne6 9. Bxe6 dxe6 10. d4 Bd6 11. a3 Nxe4 12. Qh5 Nf6 13. Qe2 a6 14. Nd2 a5 15.
Ndc4 Qe7 16. Qe3 Nd5 17. Qg3 Qf6 18. Nxd6+ cxd6 19. Ng4 Qg6 20. O-O Ra6 21. c4
Ne7 22. Ne3 Qxg3 23. fxg3 b6 24. d5 e5 25. Nf5 Bxf5 26. h3 Bd3 27. Rf3 Bxc4 28.
Rc3 Bxd5 29. Rd3 Kd7 30. g4 Be4 31. Re3 Bb7 32. Bd2 f6 33. Rd1 Rc8 34. Bc1 Rc2
35. Rd2 Rxc1+ 36. Kh2 Ke6 37. h4 g5 38. hxg5 hxg5 39. Rh3 b5 40. Rf2 Rc4 41. Rh6
Ng8 42. Rg6 Rc8 43. Rf5 Be4 44. Rfxg5 Bxg6 45. Rxg6 Ne7 46. Rh6 Rg8 47. Kh3 Rc6
48. Kh4 Rc4 0-1